[Event "ch-FRA Blitz Online Qual"]
[Site "Europe-Chess INT"]
[Date "2020.05.16"]
[Round "3"]
[White "De Nave, Julien"]
[Black "Janon, Nicolas"]
[Result "0-1"]
[WhiteElo "1177"]
[BlackElo "1392"]
[WhiteFideId "45188360"]
[BlackFideId "36039136"]
[EventDate "2020.05.16"]

1. e4 e5 2. Nf3 Nc6 3. Bc4 Nf6 4. d3 d6 5. c3 Bg4 6. h3 Bxf3 7. Qxf3 Qd7 8. Bg5
Be7 9. Nd2 O-O-O 10. Bxf7 Rdf8 11. Bb3 h6 12. Bxf6 Bxf6 13. Qg3 Kb8 14. a4 h5
15. Qe3 g5 16. Bd5 Ne7 17. Ra3 Nxd5 18. exd5 c6 19. dxc6 Qxc6 20. Rg1 d5 21. b4
e4 22. dxe4 dxe4 23. b5 Qc7 24. Kf1 Be7 25. Nxe4 Bxa3 26. Nxg5 Re8 27. Qf3 Qc4+
28. Qe2 Qxe2# 0-1

[Event "ch-FRA Blitz Online Qual"]
[Site "Europe-Chess INT"]
[Date "2020.05.16"]
[Round "3"]
[White "Toussaint, Florent"]
[Black "Droulout, Paul"]
[Result "1-0"]
[WhiteElo "1391"]
[BlackElo "1176"]
[WhiteFideId "36088730"]
[BlackFideId "45109770"]
[EventDate "2020.05.16"]

1. d4 Nf6 2. Nf3 d5 3. Bf4 Bf5 4. e3 e6 5. Bd3 Bg6 6. c3 Bd6 7. Bg3 c5 8. Qe2
Nc6 9. Nbd2 Bxd3 10. Qxd3 c4 11. Qc2 O-O 12. e4 Bxg3 13. hxg3 dxe4 14. Nxe4 Nxe4
15. Qxe4 g6 16. O-O-O Qd5 17. Qh4 h5 18. g4 Kg7 19. gxh5 Rh8 20. h6+ Kg8 21. Qf6
Qf5 22. Qxf5 gxf5 23. Ne5 Ne7 24. Nxc4 Kf8 25. Nd6 b6 26. Nc4 Rc8 27. Ne5 f6 28.
Nf3 Ng8 29. Rde1 Kf7 30. h7 Ne7 31. Kd2 Ng6 32. Nh4 Rxh7 33. Nxg6 Kxg6 34. Rxh7
Kxh7 35. Rxe6 Kg6 36. Ke3 Kf7 37. Rd6 Ke7 38. Rd5 Ke6 39. Rb5 Rc6 40. d5+ 1-0

[Event "ch-FRA Blitz Online Qual"]
[Site "Europe-Chess INT"]
[Date "2020.05.16"]
[Round "3"]
[White "Negre, Maxime"]
[Black "Le Cainec, Erwan"]
[Result "0-1"]
[WhiteElo "1105"]
[BlackElo "1052"]
[WhiteFideId "45187231"]
[BlackFideId "36089583"]
[EventDate "2020.05.16"]

1. e4 c5 2. Nf3 Nc6 3. d4 cxd4 4. Nxd4 g6 5. Nc3 Bg7 6. Be3 Nf6 7. Nf3 O-O 8.
Bd3 Qa5 9. O-O d6 10. Re1 Bg4 11. h3 Be6 12. Bb5 a6 13. Ba4 Nxe4 14. Bxc6 Nxc3
15. Bd2 bxc6 16. Bxc3 Qb6 17. Bxg7 Kxg7 18. b3 Kg8 19. Ng5 Bd5 20. Rxe7 Qd8 21.
Qe2 h6 22. c4 Bxg2 23. Nxf7 Rxf7 24. Rxf7 Kxf7 25. Kxg2 Qg5+ 26. Qg4 Qf6 27.
Qd7+ Qe7 28. Qxc6 Rg8 29. Rd1 Qg5+ 30. Kf1 Qe5 31. Qxd6 Qxd6 32. Rxd6 g5 33.
Rxa6 g4 34. hxg4 Rxg4 35. Rxh6 Rd4 36. a4 Rd1+ 37. Ke2 Rb1 38. Rh3 Rb2+ 39. Kd3
Rxb3+ 40. Kd4 Rxh3 41. a5 Rh2 42. a6 Rxf2 43. a7 Ra2 0-1

[Event "ch-FRA Blitz Online Qual"]
[Site "Europe-Chess INT"]
[Date "2020.05.16"]
[Round "3"]
[White "Assouane, Aksel"]
[Black "Fernandez, Maylis"]
[Result "1-0"]
[WhiteElo "1238"]
[BlackElo "1165"]
[WhiteFideId "45154708"]
[BlackFideId "45148511"]
[EventDate "2020.05.16"]

1. e4 e5 2. Nf3 Nc6 3. Bc4 Bc5 4. O-O Nf6 5. d3 h6 6. Be3 Bxe3 7. fxe3 O-O 8.
Nc3 d6 9. d4 exd4 10. exd4 Bg4 11. Qd2 Re8 12. d5 Ne5 13. Nxe5 dxe5 14. Qf2 a6
15. Be2 Bxe2 16. Nxe2 Qe7 17. Ng3 c6 18. c4 cxd5 19. cxd5 Rac8 20. Rac1 Rxc1 21.
Rxc1 Qb4 22. Qe2 Kf8 23. a3 Qd4+ 24. Qf2 Nxe4 25. Nxe4 Qxe4 26. Qc5+ Kg8 27. d6
Qd4+ 28. Qxd4 exd4 29. Rd1 Rd8 30. Rxd4 Kf8 31. Kf2 f6 32. Ke2 Kf7 33. Rb4 b5
34. a4 Rxd6 35. axb5 Rb6 36. Kd3 axb5 37. Kd4 Ke7 38. Kc5 Re6 39. Rxb5 Re2 40.
Rb7+ Kf8 41. b4 Rxg2 42. b5 Rxh2 43. b6 Rb2 44. Rb8+ Ke7 45. b7 Kd7 46. Rg8 Ke6
47. Rxg7 h5 48. Kc6 h4 49. Rh7 f5 50. Rxh4 Rc2+ 51. Kb6 Rb2+ 52. Ka7 Ra2+ 53.
Kb8 Rb2 54. Rc4 Ke5 55. Kc8 f4 56. b8=Q+ Kd5 57. Qxf4 1-0

[Event "ch-FRA Blitz Online Qual"]
[Site "Europe-Chess INT"]
[Date "2020.05.16"]
[Round "3"]
[White "Frazao, Pascal"]
[Black "Cherfils, Richard"]
[Result "1-0"]
[WhiteElo "1165"]
[BlackElo "1356"]
[WhiteFideId "45127557"]
[BlackFideId "36072362"]
[EventDate "2020.05.16"]

1. d4 d5 2. e3 Nf6 3. c4 e6 4. c5 b6 5. Bb5+ Bd7 6. Bxd7+ Qxd7 7. cxb6 axb6 8.
Nc3 c5 9. Nf3 c4 10. Ne5 Qc7 11. O-O Ra5 12. b3 b5 13. b4 Ra3 14. Bxa3 Na6 15.
Nxb5 Qb6 16. Nc3 Bxb4 17. Bxb4 Qxb4 18. Qc2 O-O 19. Nc6 Qb7 20. Ne5 Nb4 21. Qb2
Qe7 22. a3 Nd3 23. Qd2 Nxe5 24. dxe5 Ne4 25. Nxe4 dxe4 26. Qc3 Rd8 27. Qxc4 1-0

[Event "ch-FRA Blitz Online Qual"]
[Site "Europe-Chess INT"]
[Date "2020.05.16"]
[Round "3"]
[White "Lebrun, Mathieu"]
[Black "Pernoud, Claire"]
[Result "0-1"]
[WhiteElo "1177"]
[BlackElo "1428"]
[WhiteFideId "36094099"]
[BlackFideId "663018"]
[EventDate "2020.05.16"]

1. e4 e5 2. Nf3 Nc6 3. d4 exd4 4. Nxd4 Nf6 5. Nc3 Bc5 6. Be3 O-O 7. Nxc6 dxc6 8.
Bxc5 Qxd1+ 9. Rxd1 Re8 10. f3 b6 11. Ba3 a5 12. b3 b5 13. Bb2 b4 14. Na4 Be6 15.
Nc5 Rad8 16. Nxe6 Rxd1+ 17. Kxd1 Rxe6 18. Bd3 Rd6 19. Ke2 Rd8 20. Rd1 c5 21. e5
Nd5 22. Bc4 Nf4+ 23. Ke1 Rxd1+ 24. Kxd1 Nxg2 25. e6 Ne3+ 26. Ke2 Nxc4 27. exf7+
Kxf7 28. bxc4 g6 29. a3 Ke6 30. c3 b3 31. Kd2 a4 32. Ke3 Ke5 33. h4 h6 34. f4+
Kf5 35. Kf3 h5 36. Bc1 c6 37. Bb2 Kf6 38. Ke4 Ke6 39. Bc1 Kf6 40. Bb2 Ke6 41.
Bc1 Kf6 42. f5 gxf5+ 43. Kf4 Ke6 44. Kg5 Ke5 45. Kxh5 f4 46. Kg6 f3 47. h5 f2
48. h6 f1=Q 49. h7 Qg1+ 50. Kh6 Qxc1+ 51. Kg7 Qg5+ 52. Kf8 Qh6+ 53. Kg8 Qxh7+
54. Kxh7 b2 55. Kg6 0-1

[Event "ch-FRA Blitz Online Qual"]
[Site "Europe-Chess INT"]
[Date "2020.05.16"]
[Round "3"]
[White "Briguet, Remi"]
[Black "Zanin, Clement"]
[Result "0-1"]
[WhiteElo "1160"]
[BlackElo "1327"]
[WhiteFideId "551081210"]
[BlackFideId "36066869"]
[EventDate "2020.05.16"]

1. d4 d5 2. e4 dxe4 3. Nc3 Nf6 4. f3 exf3 5. gxf3 Bf5 6. Bg5 Nbd7 7. Bd3 Bxd3 8.
Qxd3 e6 9. Bxf6 Nxf6 10. Qb5+ Nd7 11. Qxb7 Bd6 12. O-O-O O-O 13. Nb5 Rb8 14. Qc6
Rb6 15. Qc4 Qb8 16. Nxc7 Bxc7 17. Qxc7 Qxc7 18. d5 exd5 19. Rxd5 Rc6 20. c3 Qf4+
21. Kc2 Nf6 22. Ra5 Ne4 23. fxe4 Qxe4+ 24. Kd2 Qxh1 25. Ne2 Qxh2 26. Rxa7 Rd8+
27. Kc2 Qxe2+ 28. Kb3 Rb8+ 29. Ka4 Qc4+ 30. Ka5 Qb5# 0-1

[Event "ch-FRA Blitz Online Qual"]
[Site "Europe-Chess INT"]
[Date "2020.05.16"]
[Round "3"]
[White "Guillou, Paul"]
[Black "Anas, Raphael"]
[Result "1-0"]
[WhiteElo "1157"]
[BlackElo "1421"]
[WhiteFideId "551031140"]
[BlackFideId "45115770"]
[EventDate "2020.05.16"]

1. d4 d5 2. c4 c6 3. Nc3 Nf6 4. e3 e6 5. Nf3 Nbd7 6. cxd5 exd5 7. Bd2 Bd6 8. Be2
b6 9. O-O Bb7 10. Qc2 c5 11. Rfe1 Rc8 12. Bd3 O-O 13. Ng5 g6 14. a3 Re8 15. Rad1
Qc7 16. g3 Bf8 17. Nb5 Qb8 18. Nc3 cxd4 19. exd4 Bc6 20. Rxe8 Rxe8 21. Be3 Qb7
22. Re1 Nb8 23. Nf3 Bd7 24. Bg5 Bg7 25. Rxe8+ Bxe8 26. Qe2 Bd7 27. Ne5 Be6 28.
Nb5 Nc6 29. Nd6 Qc7 30. Nb5 Qc8 31. Nxc6 Qxc6 32. Nxa7 Qb7 33. Nb5 Bh3 34. Qc2
Nd7 35. Nd6 Qb8 36. Bf4 Qd8 37. Qc8 Qxc8 38. Nxc8 f6 39. Bc7 Bf8 40. Nxb6 Nxb6
41. Bxb6 Kg7 42. Bc5 Bxc5 43. dxc5 Bc8 44. b4 Kf7 45. Kf1 Ke6 46. Ke2 Kd7 47.
Kd2 d4 48. Kc2 f5 49. Kb3 Kc6 50. Kc4 Be6+ 51. Kxd4 Bd7 52. Bc4 h6 53. Bf7 g5
54. Bc4 Bc8 55. a4 Bd7 56. b5+ Kc7 57. Kd5 f4 58. gxf4 gxf4 59. b6+ Kb7 60. a5
Bc6+ 61. Kd6 Bf3 62. a6+ Kc8 63. b7+ Bxb7 64. axb7+ Kxb7 65. Bd5+ Kc8 66. Ke5
Kd7 67. Kxf4 Kc7 68. Ke4 Kd7 69. Kf5 Kc7 70. Ke5 Kd7 71. c6+ Kc7 72. Ke6 Kd8 73.
Be4 Kc7 74. Kf6 h5 75. Kg6 h4 76. Kh5 h3 77. Kh4 Kd6 78. Kxh3 Kc7 79. f4 Kd6 80.
f5 Kc7 81. f6 Kd8 82. f7 Ke7 83. f8=Q+ Kxf8 84. c7 Ke7 85. c8=Q Kd6 86. Qd8+ Ke5
87. Qd5+ Kf6 88. Qf5+ Ke7 89. Bd5 Kd6 90. Qe6+ Kc5 91. Qc6+ Kd4 92. Kg3 Ke5 93.
h4 Kd4 94. h5 Ke5 95. h6 1-0

[Event "ch-FRA Blitz Online Qual"]
[Site "Europe-Chess INT"]
[Date "2020.05.16"]
[Round "3"]
[White "Mokrani, Romuhald"]
[Black "Trimbitasu, Elyas"]
[Result "1-0"]
[WhiteElo "1358"]
[BlackElo "1175"]
[WhiteFideId "551061279"]
[BlackFideId "551013410"]
[EventDate "2020.05.16"]

1. d4 d5 2. Nf3 Nc6 3. c4 e6 4. Nc3 Nf6 5. Bg5 h6 6. Bh4 g5 7. Bg3 Bb4 8. Rc1
Ne4 9. e3 b6 10. Be2 Ba6 11. O-O Bxc3 12. bxc3 Bxc4 13. Bxc4 dxc4 14. Ne5 Na5
15. Qa4+ Ke7 16. Nxc4 Nxc4 17. Qxc4 Rc8 18. Be5 Rh7 19. Qd3 Qd5 20. f3 Nd6 21.
Qxh7 Nc4 22. Rfe1 1-0

[Event "ch-FRA Blitz Online Qual"]
[Site "Europe-Chess INT"]
[Date "2020.05.16"]
[Round "3"]
[White "Chevillon, Manon"]
[Black "Rieger, Lylian"]
[Result "1-0"]
[WhiteElo "1356"]
[BlackElo "1148"]
[WhiteFideId "45135690"]
[BlackFideId "551000105"]
[EventDate "2020.05.16"]

1. e4 e5 2. Nf3 d6 3. Bc4 g6 4. Nc3 Bd7 5. d3 a6 6. Be3 b5 7. Bb3 a5 8. a3 a4 9.
Ba2 Bg7 10. Ng5 Nh6 11. h3 O-O 12. Qd2 Kh8 13. Nf3 Nc6 14. Bxh6 Qf6 15. Bxg7+
Kxg7 16. O-O-O h5 17. Nd5 Qd8 18. Kb1 Be6 19. g4 h4 20. g5 f5 21. gxf6+ Kh7 22.
Qg5 Bxd5 23. Bxd5 Ra6 24. Qxh4# 1-0

[Event "ch-FRA Blitz Online Qual"]
[Site "Europe-Chess INT"]
[Date "2020.05.16"]
[Round "3"]
[White "Mirguet, Vladislav"]
[Black "Payet, Thomas"]
[Result "0-1"]
[WhiteElo "1073"]
[BlackElo "1356"]
[WhiteFideId "45136432"]
[BlackFideId "45151300"]
[EventDate "2020.05.16"]

1. d4 d5 2. c4 c6 3. Nc3 Bf5 4. Nf3 e6 5. Bg5 f6 6. Bf4 g5 7. Bxb8 Rxb8 8. e3
dxc4 9. Bxc4 b5 10. Bd3 Bxd3 11. Qxd3 Bb4 12. a3 Bxc3+ 13. bxc3 Ne7 14. Qe4 Qd5
15. Qd3 g4 16. Nh4 f5 17. f3 Ng6 18. Nxg6 hxg6 19. O-O Qd6 20. f4 g5 21. g3 gxf4
22. exf4 Kd7 23. Rfe1 Rh7 24. Re5 Rbh8 25. Ra2 a6 26. c4 bxc4 27. Qxc4 Rb8 28.
d5 exd5 29. Qxa6 Rc8 30. Qa7+ Rc7 31. Qb8 Re7 32. Rae2 Rxe5 33. Rxe5 Rc8 34.
Qa7+ Rc7 35. Qe3 d4 36. Qd3 c5 37. Qxf5+ Kc6 38. Qxg4 Kb7 39. Qf3+ Kc8 40. Re8+
Kd7 41. Qe3 dxe3 42. Rxe3 c4 0-1

[Event "ch-FRA Blitz Online Qual"]
[Site "Europe-Chess INT"]
[Date "2020.05.16"]
[Round "3"]
[White "Thobie, Pascal"]
[Black "Fronius, Lino"]
[Result "1-0"]
[WhiteElo "1216"]
[BlackElo "1313"]
[WhiteFideId "651001187"]
[BlackFideId "36050083"]
[EventDate "2020.05.16"]

1. Nf3 Nc6 2. c4 e5 3. Nc3 Nf6 4. e4 Bb4 5. d3 d6 6. Qb3 Bxc3+ 7. Qxc3 Bg4 8.
Be2 Qd7 9. O-O Bxf3 10. Bxf3 Nd4 11. Bd1 h6 12. Be3 c5 13. a3 O-O 14. b4 b6 15.
f4 Ng4 16. Qd2 Nxe3 17. Qxe3 Rab8 18. b5 Qe7 19. f5 Qh4 20. h3 Ra8 21. a4 a6 22.
Qf2 Qg5 23. Kh2 axb5 24. cxb5 Nxb5 25. Bb3 Nd4 26. Bd5 Rab8 27. Rfb1 Kh8 28. a5
bxa5 29. Rxb8 Rxb8 30. Rxa5 Rb1 31. Ra8+ Kh7 32. Ra2 h5 33. Bc4 g6 34. fxg6+
fxg6 35. Ra7+ Kh6 36. Qf8# 1-0

[Event "ch-FRA Blitz Online Qual"]
[Site "Europe-Chess INT"]
[Date "2020.05.16"]
[Round "3"]
[White "Pineau, Patrick"]
[Black "Remtoula, Naushad"]
[Result "1-0"]
[WhiteElo "1349"]
[BlackElo "1126"]
[WhiteFideId "20673329"]
[BlackFideId "551060019"]
[EventDate "2020.05.16"]

1. d4 e6 2. c4 f5 3. Nc3 Nf6 4. Nf3 Be7 5. Bg5 O-O 6. e3 d6 7. Bd3 Ne4 8. Bxe7
Qxe7 9. Bxe4 fxe4 10. Nxe4 d5 11. cxd5 exd5 12. Nc3 Bg4 13. O-O Bxf3 14. gxf3
Qg5+ 15. Kh1 Rf6 16. Rg1 Qh5 17. f4 Qh3 18. Qg4 Qxg4 19. Rxg4 Nd7 20. Nxd5 Rh6
21. Nxc7 Rf8 22. Rag1 g6 23. Ne6 Rf6 24. Nc5 Nf8 25. Nxb7 Rf5 26. Nc5 Rfh5 27.
R1g2 Ne6 28. Nxe6 Rh4 29. Rxh4 Rxh4 30. d5 1-0

[Event "ch-FRA Blitz Online Qual"]
[Site "Europe-Chess INT"]
[Date "2020.05.16"]
[Round "3"]
[White "Fischler, Ines"]
[Black "Plaidit, Hugo"]
[Result "1-0"]
[WhiteElo "1129"]
[BlackElo "1319"]
[WhiteFideId "551033658"]
[BlackFideId "551003066"]
[EventDate "2020.05.16"]

1. e4 c6 2. Nf3 d5 3. e5 Bg4 4. Nc3 e6 5. d4 c5 6. dxc5 Bxc5 7. h3 Bxf3 8. Qxf3
Nc6 9. Qe2 Bb6 10. Bf4 Nge7 11. Qd2 Ng6 12. Bb5 a6 13. Ba4 Ba7 14. Bxc6+ bxc6
15. O-O O-O 16. Bg3 Bb8 17. Rfe1 Qe7 18. Rad1 Bc7 19. Qd3 Rab8 20. b3 a5 21. a4
c5 22. Nb1 Rfd8 23. Nd2 Qg5 24. Qe3 d4 25. Qxg5 1-0

[Event "ch-FRA Blitz Online Qual"]
[Site "Europe-Chess INT"]
[Date "2020.05.16"]
[Round "3"]
[White "Lambert Hoareau, Guillaume"]
[Black "Mirguet, Ulysse"]
[Result "1-0"]
[WhiteElo "1348"]
[BlackElo "1105"]
[WhiteFideId "45172323"]
[BlackFideId "36044300"]
[EventDate "2020.05.16"]

1. e4 e5 2. Nf3 Nc6 3. Bc4 Nf6 4. Ng5 d5 5. exd5 Nxd5 6. Nxf7 Kxf7 7. Qf3+ Ke6
8. Nc3 Ne7 9. O-O Qd6 10. Re1 Kd7 11. Bxd5 Nxd5 12. Nxd5 c6 13. Nc3 Be7 14. d3
Rf8 15. Qg3 Bf6 16. Bg5 Kc7 17. Bxf6 gxf6 18. Qg7+ Bd7 19. Ne4 Qe6 20. Nc5 Qf7
21. Qxf7 Rxf7 22. Nxd7 Kxd7 23. Re4 Rg8 24. Rae1 Rfg7 25. g3 Rg4 26. Rxg4 Rxg4
27. Re4 Rxe4 28. dxe4 Kd6 29. Kf1 Kc5 30. Ke2 Kd4 31. f3 c5 32. c3+ Kc4 33. Ke3
b5 34. Kd2 a5 35. b3# 1-0

[Event "ch-FRA Blitz Online Qual"]
[Site "Europe-Chess INT"]
[Date "2020.05.16"]
[Round "3"]
[White "Migus, Ethan"]
[Black "Gheorghin, Felix"]
[Result "0-1"]
[WhiteElo "1084"]
[BlackElo "1310"]
[WhiteFideId "551047594"]
[BlackFideId "651027240"]
[EventDate "2020.05.16"]

1. e4 c5 2. Nc3 Nc6 3. Bb5 g6 4. Bxc6 bxc6 5. Nf3 Bg7 6. d4 cxd4 7. Nxd4 Qb6 8.
Nde2 Ba6 9. O-O Bxc3 10. bxc3 Nf6 11. Kh1 Nxe4 12. f3 Nf2+ 13. Rxf2 Qxf2 0-1

[Event "ch-FRA Blitz Online Qual"]
[Site "Europe-Chess INT"]
[Date "2020.05.16"]
[Round "3"]
[White "Remtoula, Jamal"]
[Black "Anas, Jacques"]
[Result "0-1"]
[WhiteElo "1070"]
[BlackElo "1304"]
[WhiteFideId "551099853"]
[BlackFideId "36094552"]
[EventDate "2020.05.16"]

1. d4 d6 2. c4 e5 3. e3 exd4 4. exd4 d5 5. cxd5 Qxd5 6. Nf3 Bb4+ 7. Nbd2 Nf6 8.
a3 Bxd2+ 9. Bxd2 Bg4 10. Be2 Ne4 11. O-O O-O 12. Ne5 Bxe2 13. Qxe2 Qxd4 14. Rad1
f6 15. Nd3 Nc6 16. Bf4 Rfe8 17. Bxc7 Ng3 18. Qc2 Nxf1 19. Rxf1 Re7 20. Nc5 Rxc7 0-1

[Event "ch-FRA Blitz Online Qual"]
[Site "Europe-Chess INT"]
[Date "2020.05.16"]
[Round "3"]
[White "Lefrancois, Jean"]
[Black "Coutton, Aurelien"]
[Result "1-0"]
[WhiteElo "1038"]
[BlackElo "1211"]
[WhiteFideId "551055635"]
[BlackFideId "45121443"]
[EventDate "2020.05.16"]

1. d4 d5 2. Nc3 c6 3. Bf4 Nf6 4. e3 e6 5. Bd3 Qb6 6. Rb1 Bb4 7. h3 Nbd7 8. Nf3
Ne4 9. Bxe4 dxe4 10. Nd2 Nf6 11. O-O Bxc3 12. bxc3 Qa5 13. c4 Qxa2 14. Ra1 Qb2
15. Nb3 Bd7 16. Qd2 e5 17. dxe5 Rd8 18. Rfb1 Be6 19. Qxd8+ Kxd8 20. Rxb2 Nh5 21.
Bh2 Ke7 22. Rxa7 Rd8 23. Rxb7+ Kf8 24. Rb1 Bxc4 25. Nd4 Be2 26. Nxe2 Rd2 27. Ng3
Nxg3 28. Bxg3 Ke8 1-0

[Event "ch-FRA Blitz Online Qual"]
[Site "Europe-Chess INT"]
[Date "2020.05.16"]
[Round "3"]
[White "Hwang, Daniel"]
[Black "Morand, Olivier"]
[Result "1-0"]
[WhiteElo "1557"]
[BlackElo "1009"]
[WhiteFideId "45136890"]
[BlackFideId "45104387"]
[EventDate "2020.05.16"]

1. e4 e5 2. Bc4 Nf6 3. Nc3 Bc5 4. d3 Nc6 5. f4 d6 6. h3 Nd4 7. Nf3 O-O 8. f5 Bd7
9. Nxd4 exd4 10. Ne2 Bc6 11. Nf4 d5 12. exd5 Re8+ 13. Ne2 Bxd5 14. Bxd5 Nxd5 15.
Kf1 Qf6 16. Ng3 Re3 17. Qg4 Rae8 18. Bd2 Bd6 19. Ne4 1-0

[Event "ch-FRA Blitz Online Qual"]
[Site "Europe-Chess INT"]
[Date "2020.05.16"]
[Round "4"]
[White "Suarez Uriel, Adrian"]
[Black "Firouzja, Alireza"]
[Result "0-1"]
[WhiteTitle "IM"]
[BlackTitle "GM"]
[WhiteElo "2340"]
[BlackElo "2728"]
[WhiteFideId "22230874"]
[BlackFideId "12573981"]
[EventDate "2020.05.16"]

1. e4 Nc6 2. d4 d5 3. e5 Bf5 4. Bb5 e6 5. Ne2 a6 6. Bxc6+ bxc6 7. Be3 Ne7 8. Nd2
Bg6 9. b4 Nf5 10. c3 Bh5 11. Qa4 Qd7 12. Ng3 Bg6 13. O-O Be7 14. Nb3 O-O 15.
Rae1 Nh4 16. Na5 Bd3 17. Qxc6 Rfd8 18. Rd1 Bxf1 19. Nxf1 Nf5 20. a4 f6 21. f4
Qc8 22. Nb7 Rf8 23. g4 Nxe3 24. Nxe3 fxe5 25. fxe5 Rb8 26. Nc5 Bxc5 27. Qxc5 Qe8
28. Qxc7 Qg6 29. c4 Qe4 30. Ng2 Qxg4 31. cxd5 Qxd1+ 0-1

[Event "ch-FRA Blitz Online Qual"]
[Site "Europe-Chess INT"]
[Date "2020.05.16"]
[Round "4"]
[White "Jobava, Baadur"]
[Black "Stephan, Victor"]
[Result "1-0"]
[WhiteTitle "GM"]
[BlackTitle "IM"]
[WhiteElo "2603"]
[BlackElo "2439"]
[WhiteFideId "13601520"]
[BlackFideId "656666"]
[EventDate "2020.05.16"]

1. e4 c5 2. c3 Nf6 3. e5 Nd5 4. Nf3 Nc6 5. Na3 d6 6. exd6 e6 7. Nc4 Bxd6 8.
Nxd6+ Qxd6 9. d4 cxd4 10. Nxd4 O-O 11. Be2 Bd7 12. O-O Qe7 13. Re1 Rfd8 14. h3
Nxd4 15. Qxd4 Bc6 16. Qg4 Nf6 17. Qh4 Rd5 18. Be3 Rad8 19. Bxa7 Rd2 20. b3 Ra8
21. Bd4 Raxa2 22. Rxa2 Rxa2 23. c4 Nd5 24. Qg3 Nf6 25. Bf1 Kf8 26. Qc3 Ra8 27.
b4 Kg8 28. b5 Be8 29. Qg3 Rc8 30. Re3 Rd8 31. Rd3 Kf8 32. Bc5 Qxc5 33. Rxd8 Ne4
34. Qe3 Qe5 35. Rd4 f5 36. f3 Qg3 37. h4 g5 38. Rd3 Nf6 39. Qxg5 1-0

[Event "ch-FRA Blitz Online Qual"]
[Site "Europe-Chess INT"]
[Date "2020.05.16"]
[Round "4"]
[White "Safarli, Eltaj"]
[Black "Sochacki, Wojtek"]
[Result "1-0"]
[WhiteTitle "GM"]
[BlackTitle "IM"]
[WhiteElo "2598"]
[BlackElo "2320"]
[WhiteFideId "13402129"]
[BlackFideId "651389"]
[EventDate "2020.05.16"]

1. e4 c5 2. Nc3 Nc6 3. Bb5 Nd4 4. Nf3 e6 5. O-O Qc7 6. Nxd4 cxd4 7. Ne2 Bc5 8.
c3 dxc3 9. bxc3 a6 10. Bd3 Ne7 11. Bc2 O-O 12. d4 Ba7 13. Bf4 d6 14. e5 d5 15.
h4 Bd7 16. a4 b5 17. Qd3 g6 18. Bh6 Rfc8 19. Qf3 Qd8 20. Bg5 Qf8 21. h5 b4 22.
Qf6 Nf5 23. Bxf5 exf5 24. hxg6 hxg6 25. cxb4 Rc6 26. Qe7 Qxe7 27. Bxe7 Rc2 28.
Rfe1 Rb8 29. Ra3 Rc4 30. Bf6 Rc6 31. Rh3 Rxf6 32. exf6 Bxa4 33. Nf4 Bxd4 34.
Nxd5 Bxf6 35. Nxf6+ Kg7 36. Nd5 Rxb4 37. Nxb4 1-0

[Event "ch-FRA Blitz Online Qual"]
[Site "Europe-Chess INT"]
[Date "2020.05.16"]
[Round "4"]
[White "Muller, Anthony"]
[Black "Lagarde, Maxime"]
[Result "1/2-1/2"]
[BlackTitle "GM"]
[WhiteElo "2278"]
[BlackElo "2655"]
[WhiteFideId "20682743"]
[BlackFideId "662399"]
[EventDate "2020.05.16"]

1. d4 f5 2. c4 Nf6 3. Nc3 d6 4. Nf3 g6 5. g3 Bg7 6. Bg2 O-O 7. O-O Nc6 8. b3 e5
9. Bb2 e4 10. Ne1 h5 11. f4 h4 12. d5 hxg3 13. dxc6 gxh2+ 14. Kh1 bxc6 15. Nc2
Ng4 16. Qe1 Be6 17. Qg3 Qe7 18. Ne3 Nxe3 19. Qxe3 d5 20. cxd5 cxd5 21. Na4 Bxb2
22. Nxb2 c5 23. Rac1 d4 24. Qg3 Kf7 25. Rc2 Rac8 26. Rfc1 Rc7 27. Nc4 Bxc4 28.
Rxc4 a5 29. Ra4 Kg7 30. Rxa5 Rd8 31. Ra4 d3 32. exd3 Rxd3 33. Qe1 Qd6 34. Qf1
Rd2 35. Rac4 e3 36. R4c2 Re7 37. Rxd2 Qxd2 38. Re1 Qxa2 39. Qc4 Qd2 40. Re2 Qd4
41. Kxh2 Kf6 42. Kg3 g5 43. fxg5+ Kxg5 44. Qxd4 cxd4 45. Kf3 f4 46. Re1 d3 47.
Bf1 d2 48. Rb1 Rc7 49. Be2 Rc1 50. Rb2 d1=Q 51. Bxd1 Rxd1 52. b4 Rf1+ 53. Kg2
Rd1 54. Kf3 Rd6 55. b5 Rb6 56. Rb4 Re6 57. Rb2 Kf5 58. b6 e2 59. Rxe2 Rxb6 60.
Ra2 Rb3+ 61. Kf2 Kg4 62. Rc2 Rh3 63. Rc8 Rh2+ 64. Kg1 Ra2 65. Rc3 Rd2 66. Kf1
Rh2 67. Ra3 Rb2 68. Rc3 Rb4 69. Ra3 Rc4 70. Rb3 Rd4 71. Ra3 Rb4 72. Rc3 f3 73.
Rc8 Rb1+ 74. Kf2 Rb2+ 1/2-1/2

[Event "ch-FRA Blitz Online Qual"]
[Site "Europe-Chess INT"]
[Date "2020.05.16"]
[Round "4"]
[White "Droin, Augustin"]
[Black "Gozzoli, Yannick"]
[Result "0-1"]
[WhiteTitle "FM"]
[BlackTitle "GM"]
[WhiteElo "2313"]
[BlackElo "2600"]
[WhiteFideId "45105987"]
[BlackFideId "616915"]
[EventDate "2020.05.16"]

1. e4 Nf6 2. e5 Nd5 3. d4 d6 4. Nf3 g6 5. Bc4 Nb6 6. Bb3 Bg7 7. Ng5 e6 8. Qf3
Qd7 9. O-O Nc6 10. c3 dxe5 11. Ne4 f5 12. Nc5 Qe7 13. Re1 O-O 14. Nd2 Kh8 15.
Qe3 exd4 16. cxd4 Bxd4 17. Qh6 Qxc5 18. Nf3 Bg7 19. Qh4 Qe7 20. Bg5 Bf6 21.
Bxf6+ Qxf6 22. Ng5 Qg7 23. Bxe6 h6 24. Rad1 Bxe6 25. Nxe6 g5 26. Qh5 Qf6 27.
Nxf8 Rxf8 28. Re8 Rxe8 29. Qxe8+ Kg7 30. b4 Qe7 31. Qh5 Nxb4 32. h4 N4d5 33.
hxg5 hxg5 34. Qf3 Qe5 35. g3 c6 36. Kg2 g4 37. Qb3 Qc3 0-1

[Event "ch-FRA Blitz Online Qual"]
[Site "Europe-Chess INT"]
[Date "2020.05.16"]
[Round "4"]
[White "Baklan, Vladimir"]
[Black "Loiseau, Quentin"]
[Result "1-0"]
[WhiteTitle "GM"]
[BlackTitle "IM"]
[WhiteElo "2587"]
[BlackElo "2457"]
[WhiteFideId "14102196"]
[BlackFideId "665274"]
[EventDate "2020.05.16"]

1. e4 c5 2. c3 Nf6 3. e5 Nd5 4. Na3 d6 5. exd6 exd6 6. d4 Nc6 7. Nf3 Be7 8. Be2
O-O 9. O-O Bg4 10. Nc2 Bf6 11. h3 Bf5 12. Ne3 Nxe3 13. Bxe3 b6 14. Qd2 Re8 15.
Rfe1 Qc7 16. Rad1 Rad8 17. Bb5 Be4 18. Nh2 Qb7 19. d5 Ne7 20. Bxe8 Rxe8 21. c4
Be5 22. Bf4 Bxf4 23. Qxf4 1-0